00472nam a2200157Ia 450000500170000000800410001702000550005808200140011310000230012724500510015025000130020126000300021465000210024465000240026565000250028920260511200457.0260511s9999 xx 000 0 und d a0486493474 (paperback) | 9780486493473 (paperback) a515.9 PAL aPaliouras, John D. 0aComplex variables for scientists and engineers a2nd. ed. bMacmillanaNew Yorkc2014 aComputer Science aCreative Technology aSoftware Engineering